000 00821nam a22002897a 4500
001 BR8708488
003 BR-BrBNA
005 20230928092757.0
007 ta
008 230509b bl.||||| |||| 00| 0 por d
040 _aBR-BrBNA
_bpor
_cBiblioteca Nacional de Agricultura
041 _a(Por)
072 _aL52; L53
_b5213
090 _ 5213 BR8708488
100 1 _aMariante, A. da S.
100 1 _aZancaner, A.
245 1 _aCrescimento e reproducao em gado nelore visao do criador e do pesquisador
260 3 _aSao Paulo, SP (Brasil):
_bCriadores Ltda.,
_c1985.
300 _a152 p.
500 _aBibliography p. 139-152 (134 ref.); 11 illus.
650 _aGADO NELORE
650 _aCRESCIMENTO
650 _aHEREDITARIEDADE
650 _aSEXO
909 _a202309
_bLucia
_c55
_dLucia Elande
942 _cBK
999 _c41139
_d41139